| 000 | 00695cab a2200229 4500 | ||
|---|---|---|---|
| 001 | WB3209-24 | ||
| 008 | 090401t1996 xxu||||| |||| 00| 0 eng d | ||
| 035 | _a(Sirsi) u40246 | ||
| 041 | _aeng | ||
| 245 | _aWaste management licensing fees | ||
| 260 | _c1996 | ||
| 350 | _a0 | ||
| 490 |
_aDoE News Release _v(087) 27 February 1996, (2) |
||
| 520 | _aOutlines the new charging scheme for waste management licences coming into force on 1 April 1996. | ||
| 650 | _aENVIRONMENTAL PROTECTION ACT 1990 S41 | ||
| 650 | _aLICENCES | ||
| 650 | _aWASTE MANAGEMENT LICENSING | ||
| 650 | _aWASTE MANAGEMENT | ||
| 690 | _aENVIRONMENTAL AND LAND CONSULTANCY | ||
| 942 | _n0 | ||
| 948 | _c04/03/1997 | ||
| 999 |
_c25782 _d25782 |
||